000 00477nam a22001577a 4500
005 20251108164717.0
008 250721s1949 xx 000 0 ara d
082 1 4 _a810.8/جبر
100 1 _aجبران، جبران خليل
245 1 0 _aالمجموعة الكاملة لمؤلفات جبران خليل جبران /
264 1 _aبيروت :
_bمكتبة صادر،
_c1949.
300 _a
650 1 7 _aالأدب العربي
942 _2ddc
_cBK
999 _c12434
_d12434